000 00337 a2200145 4500
001 153632
040 _cEscola São Tomás de Aquino
100 _aAGUIAR, Luiz Antonio
240 1 0 _aSonhos em amarelo
_lpor
245 1 0 _aSonhos em amarelo
362 0 _a2007
440 1 _aMelhoramentos
697 _a*LITERATURA JUVENIL
942 _cBK
999 _c153632
_d153632